000 00851nam a2200217 a 4500
001 000041634
005 20201002035658.0
008 131014s1992 sp a 000 0 spa d
020 _a8400072693
040 _aDO-SdBNP
_bspa
_cBNPHU
082 _axxx
_bP644p
100 1 _aPimentel Igea, Juan
_968421
245 1 0 _aEn el Panóptico del mar del sur :
_borígenes y desarrollo de la visita australiana de la Expedición Malaspina (1793) /
_cJuan Pimentel Igea.
260 _aMadrid :
_bC. S. I. C.,
_c1992.
300 _axvii, 187 p. :
_bil., ;
_c22 cm.
490 1 _aEstudios sobre la ciencia
_v18
500 _aIncluye referencias bibliográficas y notas al pie de las páginas.
504 _aBibliografía: p. 181-187
710 2 _aConsejo Superior de Investigaciones Científicas (España)
_915178
830 0 _aEstudios sobre la ciencia
_n18
_968422
999 _c41124
_d41124